000 00881nam a22002177a 4500
999 _c3160
_d3160
003 AR-CdUCM
008 190306b ||||| |||| 00| 0 spa d
040 _aMUNICIPALIDAD PROVINCIAL DEL CUSCO
_cBIBLIOTECA MUNICIPAL DEL CUSCO
082 _a129.64 /
_bSE42
100 _aSerrano Poncela, S
_910647
245 _aEl pensamiento de Unamuno /
260 _aMéxico,
_bFondo de Cultura Económica,
_c1964.
300 _a265 paginas ;
_c17 cm.
440 _aBrevarios del fondo de cultura económica
_n76
_910648
505 _aContenido :El hombre y su mundo -- Formas de expresión y método de pensamiento -- Caracteres e influencia de su pensamiento -- El tema de Dios: el Dios creado y creído -- El tema del otro: la condición humana ...
650 _aLiteratura española
_9362
650 _aSiglo XX
_98
650 _aFilósofos
_9827
942 _2ddc
_cLIBROS
945 _arum